[Event "SM-2020-0-00434"]
[Site "LSS email"]
[Date "2020.11.02"]
[Round "?"]
[White "Esin, Maxim"]
[Black "Helmer, Janos"]
[Result "0-1"]
[WhiteElo "2251"]
[BlackElo "2224"]
[PlyCount "44"]
[EventDate "2020.07.12"]
[EventType "tourn (corr)"]
[EventRounds "6"]
[EventCountry "GER"]
[SourceTitle "Corr 2024"]
[Source "ChessBase"]
[SourceDate "2023.10.19"]
[SourceVersion "1"]
[SourceVersionDate "2023.10.19"]
[SourceQuality "1"]

1. e4 c5 2. c4 Nc6 3. Nc3 g6 4. d3 Bg7 5. g3 d6 6. Bg2 Rb8 7. Be3 Nf6 8. Nge2 a6 9. f4 0-0 10. Qd2 Ng4 11. Bg1 Nf6 12. Be3 Ng4 13. Bg1 e5 14. h3 Nf6 15. f5 gxf5 16. Be3 fxe4 17. dxe4 Nd4 18. 0-0 Ne8 19. g4 Be6 20. b3 b5 21. cxb5 axb5 22. Ng3 b4 0-1

[Event "SM-2020-0-00434"]
[Site "LSS email"]
[Date "2020.10.26"]
[Round "?"]
[White "Bujdak, Pavel"]
[Black "Esin, Maxim"]
[Result "1/2-1/2"]
[WhiteElo "2206"]
[BlackElo "2251"]
[PlyCount "38"]
[EventDate "2020.07.12"]
[EventType "tourn (corr)"]
[EventRounds "6"]
[EventCountry "GER"]
[SourceTitle "Corr 2024"]
[Source "ChessBase"]
[SourceDate "2023.10.19"]
[SourceVersion "1"]
[SourceVersionDate "2023.10.19"]
[SourceQuality "1"]

1. e4 e6 2. d4 d5 3. Nd2 c5 4. Ngf3 cxd4 5. Nxd4 Nf6 6. exd5 Nxd5 7. Ne4 Be7 8. Bc4 0-0 9. 0-0 Qb6 10. Bb3 Nc6 11. Nxc6 Qxc6 12. Re1 a5 13. a4 b6 14. Qf3 Bb7 15. Qg3 Qc7 16. Qxc7 Nxc7 17. Bf4 Nd5 18. Bd6 Rfe8 19. Bxe7 Rxe7 1/2-1/2

[Event "RM-2020-0-00220"]
[Site "LSS email"]
[Date "2020.10.02"]
[Round "?"]
[White "Esin, Maxim"]
[Black "Ploscaru, Stelian"]
[Result "1/2-1/2"]
[WhiteElo "2251"]
[BlackElo "2291"]
[PlyCount "38"]
[EventDate "2020.08.27"]
[EventType "tourn (corr)"]
[EventRounds "6"]
[EventCountry "GER"]
[SourceTitle "Corr 2022"]
[Source "ChessBase"]
[SourceDate "2021.10.24"]
[SourceVersion "1"]
[SourceVersionDate "2021.10.24"]
[SourceQuality "1"]

1. Nf3 d5 2. d4 Nf6 3. g3 c5 4. Bg2 cxd4 5. 0-0 e6 6. Nxd4 e5 7. Nb3 Be6 8. Nc3 Be7 9. f4 exf4 10. gxf4 g6 11. Kh1 Nc6 12. Be3 0-0 13. Nd4 Qd7 14. Nxe6 fxe6 15. Bg1 Bb4 16. e4 Bxc3 17. bxc3 dxe4 18. Qxd7 Nxd7 19. Bxe4 Rac8 1/2-1/2

[Event "RM-2020-0-00219"]
[Site "LSS email"]
[Date "2020.09.21"]
[Round "?"]
[White "Cirulis, Ilmars"]
[Black "Esin, Maxim"]
[Result "1/2-1/2"]
[WhiteElo "2243"]
[BlackElo "2251"]
[PlyCount "47"]
[EventDate "2020.08.22"]
[EventType "tourn (corr)"]
[EventRounds "6"]
[EventCountry "GER"]
[SourceTitle "Corr 2022"]
[Source "ChessBase"]
[SourceDate "2021.10.24"]
[SourceVersion "1"]
[SourceVersionDate "2021.10.24"]
[SourceQuality "1"]

1. e4 e6 2. d4 d5 3. e5 c5 4. c3 Nc6 5. Nf3 Qb6 6. a3 Nge7 7. dxc5 Qc7 8. b4 a5 9. Bb5 Bd7 10. Bb2 Ng6 11. 0-0 Be7 12. Bxc6 Qxc6 13. h4 Nxh4 14. Nxh4 Bxh4 15. a4 Qc7 16. Qe2 0-0 17. b5 f6 18. Qg4 Bg5 19. c4 h6 20. cxd5 exd5 21. e6 f5 22. Qe2 Rae8 23. Nd2 Bxe6 24. Bd4 1/2-1/2

[Event "RM-2020-0-00219"]
[Site "LSS email"]
[Date "2020.09.21"]
[Round "?"]
[White "Sorcinelli, Andrea"]
[Black "Esin, Maxim"]
[Result "1/2-1/2"]
[WhiteElo "2297"]
[BlackElo "2251"]
[PlyCount "29"]
[EventDate "2020.08.22"]
[EventType "tourn (corr)"]
[EventRounds "6"]
[EventCountry "GER"]
[SourceTitle "Corr 2022"]
[Source "ChessBase"]
[SourceDate "2021.10.24"]
[SourceVersion "1"]
[SourceVersionDate "2021.10.24"]
[SourceQuality "1"]

1. e4 e5 2. Nf3 Nc6 3. Bb5 Nf6 4. d3 Bc5 5. 0-0 Nd4 6. Nxd4 Bxd4 7. Ba4 c6 8. Nd2 d6 9. c3 Bb6 10. Bc2 0-0 11. Nc4 Bc7 12. Bg5 d5 13. Nxe5 Bxe5 14. d4 Bxh2+ 15. Kxh2 1/2-1/2

[Event "SM-2020-0-00433"]
[Site "LSS email"]
[Date "2020.09.10"]
[Round "?"]
[White "Catozzi, Mauro"]
[Black "Esin, Maxim"]
[Result "1/2-1/2"]
[WhiteElo "2152"]
[BlackElo "2251"]
[PlyCount "44"]
[EventDate "2020.06.26"]
[EventType "tourn (corr)"]
[EventRounds "6"]
[EventCountry "GER"]
[SourceTitle "Corr 2022"]
[Source "ChessBase"]
[SourceDate "2021.10.24"]
[SourceVersion "1"]
[SourceVersionDate "2021.10.24"]
[SourceQuality "1"]

1. e4 e5 2. Nf3 Nc6 3. Bb5 Nf6 4. 0-0 Nxe4 5. d4 Nd6 6. Bxc6 dxc6 7. dxe5 Nf5 8. Qxd8+ Kxd8 9. h3 Bd7 10. Rd1 Be7 11. g4 Nh4 12. Nxh4 Bxh4 13. Nd2 Kc8 14. Nf3 Be7 15. Bg5 Bc5 16. Be3 Bxe3 17. fxe3 Re8 18. Rd2 c5 19. Rad1 Be6 20. Ng5 Bxa2 21. e6 fxe6 22. Nxh7 a5 1/2-1/2

[Event "RM-2020-0-00218"]
[Site "LSS email"]
[Date "2020.09.09"]
[Round "?"]
[White "Cirulis, Ilmars"]
[Black "Esin, Maxim"]
[Result "1/2-1/2"]
[WhiteElo "2240"]
[BlackElo "2251"]
[PlyCount "49"]
[EventDate "2020.08.08"]
[EventType "tourn (corr)"]
[EventRounds "6"]
[EventCountry "GER"]
[SourceTitle "Corr 2022"]
[Source "ChessBase"]
[SourceDate "2021.10.24"]
[SourceVersion "1"]
[SourceVersionDate "2021.10.24"]
[SourceQuality "1"]

1. c4 f5 2. d4 Nf6 3. g3 e6 4. Bg2 c6 5. Nh3 d5 6. 0-0 Bd6 7. Qc2 0-0 8. Nd2 b6 9. Nf3 Ba6 10. cxd5 cxd5 11. Bf4 h6 12. Rfc1 g5 13. Bxd6 Qxd6 14. Ne5 Nbd7 15. Qa4 Bb7 16. f4 g4 17. Nf2 a6 18. e3 Rfc8 19. h3 h5 20. Bf1 Qe7 21. Qb3 Kg7 22. Kg2 b5 23. hxg4 hxg4 24. a4 b4 25. Nxd7 1/2-1/2

[Event "SA-2019-0-00678"]
[Site "LSS email"]
[Date "2019.03.30"]
[Round "?"]
[White "Esin, Maxim"]
[Black "Langeveld, Michel"]
[Result "1/2-1/2"]
[WhiteElo "2325"]
[BlackElo "2180"]
[PlyCount "74"]
[EventDate "2019.03.17"]
[EventType "tourn (corr)"]
[EventRounds "6"]
[EventCountry "GER"]
[SourceTitle "Corr 2022"]
[Source "ChessBase"]
[SourceDate "2021.10.24"]
[SourceVersion "1"]
[SourceVersionDate "2021.10.24"]
[SourceQuality "1"]

1. c4 g6 2. Nc3 Bg7 3. d4 Nf6 4. e4 d6 5. Nf3 0-0 6. Be2 e5 7. 0-0 Na6 8. Be3 Ng4 9. Bg5 Qe8 10. dxe5 Nxe5 11. Nd4 Be6 12. Nd5 Bxd5 13. exd5 Nc5 14. Re1 a5 15. Nb5 Qc8 16. Qc2 f5 17. f3 f4 18. Bh4 Nf7 19. Bf2 Na6 20. Qd2 Nc5 21. Qxf4 Bxb2 22. Rad1 Qd8 23. Bf1 b6 24. Qd2 Bf6 25. f4 Qd7 26. Re6 Nh6 27. h3 Nf5 28. g4 Ng7 29. Re2 Rfe8 30. Qc2 Rxe2 31. Bxe2 Rf8 32. Kg2 Qe7 33. Rf1 Ne4 34. Bg1 Nc3 35. Bd3 Nxb5 36. cxb5 Bh4 37. Rf3 Rf7 1/2-1/2

[Event "SA-2019-0-00678"]
[Site "LSS email"]
[Date "2019.03.29"]
[Round "?"]
[White "Esin, Maxim"]
[Black "Mary, Patrick"]
[Result "1-0"]
[WhiteElo "2325"]
[BlackElo "2045"]
[PlyCount "77"]
[EventDate "2019.03.17"]
[EventType "tourn (corr)"]
[EventRounds "6"]
[EventCountry "GER"]
[SourceTitle "Corr 2022"]
[Source "ChessBase"]
[SourceDate "2021.10.24"]
[SourceVersion "1"]
[SourceVersionDate "2021.10.24"]
[SourceQuality "1"]

1. c4 e5 2. Nc3 Nf6 3. Nf3 Nc6 4. e3 Bb4 5. Qc2 d6 6. Ne2 a5 7. a3 0-0 8. Ng3 Bc5 9. b3 Re8 10. Bb2 Bg4 11. Be2 e4 12. Ng1 a4 13. Bxg4 Nxg4 14. b4 Bxb4 15. axb4 Nxb4 16. Qc3 Nd3+ 17. Ke2 Nxb2 18. Qxb2 d5 19. Qd4 Qf6 20. Nh3 Qxd4 21. exd4 dxc4 22. Rhb1 Reb8 23. Nxe4 Nh6 24. Kd1 Nf5 25. d5 b5 26. Nc3 Nd4 27. Rb4 Kf8 28. d3 Nb3 29. Ra3 cxd3 30. Ng5 Ke7 31. Nxb5 f5 32. Ne6 c5 33. dxc6 Kxe6 34. c7 Rc8 35. Raxa4 Rxa4 36. Rxa4 Kd7 37. Rc4 Na5 38. Rc3 Nb7 39. Rxd3+ 1-0

[Event "SA-2019-0-00678"]
[Site "LSS email"]
[Date "2019.03.29"]
[Round "?"]
[White "Susla, Vitaliy"]
[Black "Esin, Maxim"]
[Result "1/2-1/2"]
[WhiteElo "2311"]
[BlackElo "2325"]
[PlyCount "69"]
[EventDate "2019.03.17"]
[EventType "tourn (corr)"]
[EventRounds "6"]
[EventCountry "GER"]
[SourceTitle "Corr 2022"]
[Source "ChessBase"]
[SourceDate "2021.10.24"]
[SourceVersion "1"]
[SourceVersionDate "2021.10.24"]
[SourceQuality "1"]

1. e4 c6 2. d4 d5 3. Nc3 dxe4 4. Nxe4 Bf5 5. Ng3 Bg6 6. h4 h6 7. Nf3 Nd7 8. h5 Bh7 9. Bd3 Bxd3 10. Qxd3 e6 11. Bd2 Ngf6 12. 0-0-0 Be7 13. Ne4 Nxe4 14. Qxe4 Nf6 15. Qd3 c5 16. Ne5 0-0 17. g4 Qxd4 18. Qxd4 cxd4 19. g5 hxg5 20. Bxg5 Nd5 21. Bxe7 Nxe7 22. Rxd4 Rad8 23. Rhd1 Rd5 24. Rxd5 Nxd5 25. c4 Rc8 26. Kb1 Nb6 27. b3 f6 28. Nd7 Na8 29. h6 Kh7 30. hxg7 Kxg7 31. Rd4 Rc7 32. a4 Kf7 33. a5 b6 34. axb6 Nxb6 35. Nxb6 1/2-1/2

[Event "SA-2019-0-00677"]
[Site "LSS email"]
[Date "2019.03.27"]
[Round "?"]
[White "Esin, Maxim"]
[Black "Muniz Pardino, Alberto"]
[Result "1/2-1/2"]
[WhiteElo "2325"]
[BlackElo "2306"]
[PlyCount "73"]
[EventDate "2019.03.16"]
[EventType "tourn (corr)"]
[EventRounds "6"]
[EventCountry "GER"]
[SourceTitle "Corr 2022"]
[Source "ChessBase"]
[SourceDate "2021.10.24"]
[SourceVersion "1"]
[SourceVersionDate "2021.10.24"]
[SourceQuality "1"]

1. c4 e5 2. Nc3 Nf6 3. Nf3 Nc6 4. e3 Bb4 5. Qc2 Bxc3 6. bxc3 d6 7. e4 b6 8. Be2 0-0 9. 0-0 h6 10. h3 a5 11. Nh2 Nh7 12. f4 exf4 13. Rxf4 Ne5 14. Rf1 Qe7 15. d4 Ng6 16. Bd3 Bb7 17. Ng4 Ng5 18. Bxg5 Qxg5 19. Rf5 Qe7 20. Raf1 Rae8 21. e5 dxe5 22. Rxf7 Rxf7 23. Rxf7 Qxf7 24. Bxg6 Qd7 25. Bxe8 Qxe8 26. Nxe5 Qe6 27. h4 Qe7 28. h5 Qh4 29. Qe2 Qe4 30. Qxe4 Bxe4 31. Kf2 Kf8 32. Ng4 Ke7 33. Ne3 Bd3 34. Kf3 Kd6 35. a3 Ke6 36. g3 Bb1 37. g4 1/2-1/2

[Event "SA-2019-0-00677"]
[Site "LSS email"]
[Date "2019.03.27"]
[Round "?"]
[White "Misericordia, Antonio"]
[Black "Esin, Maxim"]
[Result "1/2-1/2"]
[WhiteElo "2366"]
[BlackElo "2325"]
[PlyCount "79"]
[EventDate "2019.03.16"]
[EventType "tourn (corr)"]
[EventRounds "6"]
[EventCountry "GER"]
[SourceTitle "Corr 2022"]
[Source "ChessBase"]
[SourceDate "2021.10.24"]
[SourceVersion "1"]
[SourceVersionDate "2021.10.24"]
[SourceQuality "1"]

1. g3 d5 2. Nf3 Nf6 3. d4 c5 4. Bg2 cxd4 5. 0-0 e6 6. Nxd4 e5 7. Nb3 Be6 8. e4 Nc6 9. exd5 Nxd5 10. Qe2 Qc7 11. Rd1 Rd8 12. c4 Nb6 13. Rxd8+ Qxd8 14. c5 Nd5 15. Na3 Be7 16. Nc4 Qc7 17. f4 Nd4 18. Qxe5 Qxe5 19. Nxe5 Nxb3 20. axb3 Bxc5+ 21. Kf1 f6 22. Nd3 Bb6 23. b4 Nc7 24. Nc5 Bc4+ 25. Ke1 Na6 26. Nxa6 bxa6 27. Bb7 Kf7 28. Bxa6 Re8+ 29. Kd1 Bb3+ 30. Kd2 Rd8+ 31. Kc3 Be6 32. Be2 Rc8+ 33. Kd2 Rd8+ 34. Kc2 Bf5+ 35. Kc3 Bd4+ 36. Kb3 Be6+ 37. Kc2 Bf5+ 38. Kb3 Be6+ 39. Kc2 Bf5+ 40. Kb3 1/2-1/2

[Event "SA-2019-0-00674"]
[Site "LSS email"]
[Date "2019.03.17"]
[Round "?"]
[White "Corti, Horacio"]
[Black "Esin, Maxim"]
[Result "1-0"]
[WhiteElo "2323"]
[BlackElo "2327"]
[PlyCount "49"]
[EventDate "2019.02.12"]
[EventType "tourn (corr)"]
[EventRounds "6"]
[EventCountry "GER"]
[SourceTitle "Corr 2022"]
[Source "ChessBase"]
[SourceDate "2021.10.24"]
[SourceVersion "1"]
[SourceVersionDate "2021.10.24"]
[SourceQuality "1"]

1. e4 c6 2. d4 d5 3. Nc3 dxe4 4. Nxe4 Bf5 5. Ng3 Bg6 6. h4 h6 7. Nf3 Nd7 8. h5 Bh7 9. Bd3 Bxd3 10. Qxd3 e6 11. Bd2 Ngf6 12. 0-0-0 Be7 13. Ne4 Nxe4 14. Qxe4 Nf6 15. Qe2 Qd5 16. c4 Qe4 17. Qxe4 Nxe4 18. Be3 f5 19. Rhe1 0-0 20. Kc2 Rad8 21. Rd3 Bd6 22. a4 Nf6 23. a5 a6 24. Bd2 Rfe8 25. Rde3 1-0

[Event "SA-2019-0-00673"]
[Site "LSS email"]
[Date "2019.03.17"]
[Round "?"]
[White "Esin, Maxim"]
[Black "Rudolf, Michal"]
[Result "1/2-1/2"]
[WhiteElo "2327"]
[BlackElo "2180"]
[PlyCount "67"]
[EventDate "2019.02.08"]
[EventType "tourn (corr)"]
[EventRounds "6"]
[EventCountry "GER"]
[SourceTitle "Corr 2022"]
[Source "ChessBase"]
[SourceDate "2021.10.24"]
[SourceVersion "1"]
[SourceVersionDate "2021.10.24"]
[SourceQuality "1"]

1. c4 c6 2. f4 d5 3. Nf3 Nf6 4. e3 Bf5 5. cxd5 cxd5 6. Qb3 Nbd7 7. Qxb7 e6 8. Nc3 Bc5 9. Be2 0-0 10. 0-0 Bb6 11. d4 Ba5 12. Na4 Ne4 13. Qa6 Rc8 14. Bd3 Re8 15. a3 h5 16. Bb1 Rc4 17. Qb5 a6 18. Qb3 h4 19. Qd1 h3 20. g3 Bc7 21. Nh4 Ndf6 22. Nxf5 exf5 23. b3 Rc6 24. b4 Bd6 25. Bd3 Ng4 26. Nc5 Be7 27. Qb3 Bf6 28. Rf3 g6 29. Ra2 Nxc5 30. bxc5 Rce6 31. Bf1 Rxe3 32. Bxe3 Rxe3 33. Rxe3 Bxd4 34. Rae2 1/2-1/2

[Event "SA-2019-0-00676"]
[Site "LSS email"]
[Date "2019.03.17"]
[Round "?"]
[White "Salzmann, Stefan"]
[Black "Esin, Maxim"]
[Result "1/2-1/2"]
[WhiteElo "2221"]
[BlackElo "2327"]
[PlyCount "37"]
[EventDate "2019.03.05"]
[EventType "tourn (corr)"]
[EventRounds "6"]
[EventCountry "GER"]
[SourceTitle "Corr 2022"]
[Source "ChessBase"]
[SourceDate "2021.10.24"]
[SourceVersion "1"]
[SourceVersionDate "2021.10.24"]
[SourceQuality "1"]

1. c4 f5 2. Nf3 Nf6 3. g3 g6 4. Bg2 Bg7 5. 0-0 0-0 6. d4 d6 7. Nc3 c6 8. Rb1 Ne4 9. Qc2 Qe8 10. b4 Nxc3 11. Qxc3 e5 12. dxe5 dxe5 13. Bb2 Nd7 14. c5 Qe7 15. e4 Nf6 16. exf5 Bxf5 17. Rbe1 Nd5 18. Qc1 e4 19. Nd2 1/2-1/2

[Event "SA-2019-0-00672"]
[Site "LSS email"]
[Date "2019.03.06"]
[Round "?"]
[White "Esin, Maxim"]
[Black "Rheinstaedtler, Klaus"]
[Result "1/2-1/2"]
[WhiteElo "2327"]
[BlackElo "2220"]
[PlyCount "41"]
[EventDate "2019.02.01"]
[EventType "tourn (corr)"]
[EventRounds "6"]
[EventCountry "GER"]
[SourceTitle "Corr 2022"]
[Source "ChessBase"]
[SourceDate "2021.10.24"]
[SourceVersion "1"]
[SourceVersionDate "2021.10.24"]
[SourceQuality "1"]

1. c4 c6 2. f4 d5 3. Nf3 Nf6 4. e3 g6 5. b3 Bg7 6. Bb2 0-0 7. Be2 c5 8. cxd5 Nxd5 9. Bxg7 Kxg7 10. 0-0 Nc6 11. Qc2 b6 12. Nc3 f6 13. Rad1 Bf5 14. e4 Ndb4 15. Qb2 Bc8 16. d4 Nxd4 17. Nxd4 cxd4 18. Nd5 Nxd5 19. exd5 e5 20. dxe6 Bxe6 21. Rxd4 1/2-1/2

[Event "SA-2019-0-00672"]
[Site "LSS email"]
[Date "2019.03.06"]
[Round "?"]
[White "Mcdaniel, Curtis"]
[Black "Esin, Maxim"]
[Result "1/2-1/2"]
[WhiteElo "2198"]
[BlackElo "2327"]
[PlyCount "33"]
[EventDate "2019.02.01"]
[EventType "tourn (corr)"]
[EventRounds "6"]
[EventCountry "GER"]
[SourceTitle "Corr 2022"]
[Source "ChessBase"]
[SourceDate "2021.10.24"]
[SourceVersion "1"]
[SourceVersionDate "2021.10.24"]
[SourceQuality "1"]

1. e4 c6 2. d4 d5 3. Nd2 dxe4 4. Nxe4 Bf5 5. Ng3 Bg6 6. Bc4 e6 7. Nf3 Nf6 8. 0-0 Qc7 9. Re1 Nbd7 10. Bd3 Bxd3 11. Qxd3 Be7 12. c4 0-0 13. Bd2 a5 14. h3 Rfd8 15. Ne4 Nxe4 16. Qxe4 a4 17. Bf4 1/2-1/2

[Event "SA-2019-0-00671"]
[Site "LSS email"]
[Date "2019.02.26"]
[Round "?"]
[White "Esin, Maxim"]
[Black "Wernikiewicz, Zbigniew"]
[Result "1-0"]
[WhiteElo "2327"]
[BlackElo "2261"]
[PlyCount "93"]
[EventDate "2019.01.28"]
[EventType "tourn (corr)"]
[EventRounds "6"]
[EventCountry "GER"]
[SourceTitle "Corr 2022"]
[Source "ChessBase"]
[SourceDate "2021.10.24"]
[SourceVersion "1"]
[SourceVersionDate "2021.10.24"]
[SourceQuality "1"]

1. c4 e5 2. Nc3 Nf6 3. Nf3 Nc6 4. e3 Bb4 5. Qc2 Bxc3 6. bxc3 0-0 7. Be2 d6 8. d3 e4 9. dxe4 Bg4 10. h3 Bxf3 11. gxf3 Qe7 12. c5 dxc5 13. Bb2 Rad8 14. c4 Rfe8 15. Kf1 Rd6 16. Bc3 Nd7 17. h4 b6 18. h5 h6 19. Rg1 Nf6 20. Rg2 Kf8 21. Rc1 Qe6 22. Kg1 Re7 23. Rd1 Rxd1+ 24. Qxd1 Rd7 25. Qb1 Re7 26. Qb2 Qd6 27. a3 Re8 28. Kh1 Re7 29. Qb1 Qe6 30. Qa1 Qd6 31. Qg1 Qe6 32. Kh2 Nd4 33. exd4 cxd4 34. Bd2 d3 35. Bd1 Nxh5 36. Kh1 Nf6 37. Qh2 Ne8 38. Qh5 c6 39. c5 b5 40. Rg3 Nf6 41. Qh4 Nd7 42. Kg1 a6 43. Bc3 f6 44. Bd2 a5 45. Bxa5 Qe5 46. f4 Qxe4 47. Bd2 1-0

[Event "CP-2018-P-00031"]
[Site "LSS email"]
[Date "2018.09.27"]
[Round "?"]
[White "Colibaba, Alexandr"]
[Black "Esin, Maxim"]
[Result "1/2-1/2"]
[WhiteElo "2275"]
[BlackElo "2315"]
[PlyCount "106"]
[EventDate "2018.10.01"]
[EventType "tourn (corr)"]
[EventRounds "6"]
[EventCountry "GER"]
[SourceTitle "Corr 2022"]
[Source "ChessBase"]
[SourceDate "2021.10.24"]
[SourceVersion "1"]
[SourceVersionDate "2021.10.24"]
[SourceQuality "1"]

1. e4 e5 2. Nf3 Nc6 3. Nc3 Nf6 4. g3 Bc5 5. Bg2 d6 6. d3 a5 7. 0-0 0-0 8. h3 h6 9. Be3 Bxe3 10. fxe3 Ne7 11. Nh4 Rb8 12. g4 b5 13. Qe1 b4 14. Ne2 Nh7 15. a3 c5 16. axb4 cxb4 17. Qf2 Bd7 18. b3 Rc8 19. Ra2 Rc6 20. Rd1 Qc7 21. Rd2 Ra6 22. Rd1 Nf6 23. Ng3 d5 24. Nhf5 Nxf5 25. gxf5 dxe4 26. Nxe4 Nd5 27. Rd2 g6 28. Ng3 Nc3 29. Ra1 Kh7 30. Rf1 Rg8 31. Kh1 gxf5 32. Nxf5 Rf6 33. e4 Bxf5 34. exf5 Rd6 35. Qe1 Rd4 36. f6 Qd6 37. Rdf2 e4 38. Qe3 Rg3 39. Qe1 Rg8 40. Qe3 exd3 41. cxd3 Rxd3 42. Qe7 Kh8 43. Qxd6 Rxd6 44. Re1 Rg6 45. Re5 Rdxf6 46. Rxf6 Rxf6 47. Rxa5 Kg7 48. Kg1 Rf4 49. Ra6 Ne2+ 50. Kh2 h5 51. Rb6 f5 52. Kh1 h4 53. Bb7 Ng3+ 1/2-1/2